The king's prerogative, and the subjects privileges asserted according to law and reason /

Bibliographic Details
Main Author: Jenkins, David, 1582-1663
Other Authors: Nalson, John, 1638?-1686
Format: Microform Book
Language:English
Published: London : [publisher not identified], 1680.
Series:Early English books, 1641-1700 ; 571:15.
Subjects:

MARC

Tag First Indicator Second Indicator Subfields
LEADER 00000cam a2200000 a 4500
001 in00000953621
005 20150926140347.0
007 hd afv|||baca
008 850511s1680 miu a 00000 eng d
035 |a (OCoLC)12025046 
035 |9 AEU3749AM 
037 |a CL0037000016  |b UMI 
037 |b University Microfilms International, 300 N. Zeeb Rd., Ann Arbor, MI 48106 
040 |a EAA  |c EAA  |d m/c  |d UtOrBLW 
043 |a e-uk-en 
049 |a TXAI 
099 |a film   |a  B   |a  3609 
100 1 |a Jenkins, David,  |d 1582-1663. 
245 1 4 |a The king's prerogative, and the subjects privileges asserted according to law and reason /  |c by a person of honour. 
264 1 |a London :  |b [publisher not identified],  |c 1680. 
300 |a 2 unnumbered pages, 18 pages 
336 |a text  |b txt  |2 rdacontent 
337 |a microform  |b h  |2 rdamedia 
338 |a microfilm reel  |b hd  |2 rdacarrier 
500 |a Marginal notes. 
500 |a Wing and Halkett and Laing attribute to John Nalson, but actually is by D. Jenkins. Possibly published by Nalson, since the 1684 edition appears with the initials "J.N." 
500 |a Reproduction of original in Huntington Library. 
510 4 |a Wing  |c N108 
510 4 |a Arber's Term cat.  |c I 386 
533 |a Microfilm.  |b Ann Arbor, Mich. :  |c University Microfilms,  |d 1975.  |e 1 microfilm reel ; 35 mm.  |f (Early English books, 1641-1700; 571:15) 
500 |a Microform. 
650 0 |a Prerogative, Royal  |z England. 
700 1 |a Nalson, John,  |d 1638?-1686. 
830 0 |a Early English books, 1641-1700 ;  |v 571:15. 
999 |a MARS 
999 f f |s 0c8185b8-83c4-3e85-b367-ac68d46a2e54  |i 1d5c5520-04d6-3007-b225-a8bfcfeaad82  |t 0 
952 f f |p default  |a Texas A&M University  |b College Station  |c Sterling C. Evans Library  |d Evans: Microforms (3rd floor)  |t 0  |e film B 3609 571:15  |h Other scheme  |i microform -- microfilm reel 
998 f f |a film B 3609 571:15  |t 0  |l Evans: Microforms (3rd floor)